Geonections - Statistics

General Stats
  • This quiz has been taken 9 times
  • The average score is 24 of 64
Answer Stats
Question Tile Select % Correct
United States (US) - Easy Yes
89%
United States (US) - Easy No
89%
United States (US) - Easy No
89%
United States (US) - Easy No
89%
United States (US) - Easy Yes
78%
United States (US) - Easy No
78%
United States (US) - Easy No
78%
United States (US) - Easy No
78%
United States (US) - Easy No
67%
United States (US) - Easy No
67%
United States (US) - Easy No
67%
United States (US) - Easy No
67%
United States (US) - Easy Yes
67%
United States (US) - Easy No
67%
United States (US) - Easy No
67%
Switzerland (CH) - Expert No
44%
Switzerland (CH) - Expert No
44%
Switzerland (CH) - Expert No
44%
Switzerland (CH) - Expert No
44%
United States (US) - Easy Yes
33%
Vietnam (VN) - Medium No
33%
Vietnam (VN) - Medium No
33%
Vietnam (VN) - Medium No
33%
Vietnam (VN) - Medium No
33%
Vietnam (VN) - Medium No
33%
Vietnam (VN) - Medium No
33%
Vietnam (VN) - Medium No
33%
Vietnam (VN) - Medium No
33%
Bulgaria (BG) - Hard No
33%
Bulgaria (BG) - Hard No
33%
Bulgaria (BG) - Hard No
33%
Bulgaria (BG) - Hard No
33%
Switzerland (CH) - Expert No
33%
Switzerland (CH) - Expert No
33%
Switzerland (CH) - Expert No
33%
Switzerland (CH) - Expert No
33%
Switzerland (CH) - Expert No
33%
Switzerland (CH) - Expert Yes
33%
Switzerland (CH) - Expert Yes
33%
Switzerland (CH) - Expert Yes
33%
Vietnam (VN) - Medium Yes
22%
Vietnam (VN) - Medium No
22%
Vietnam (VN) - Medium No
22%
Vietnam (VN) - Medium No
22%
Bulgaria (BG) - Hard No
22%
Bulgaria (BG) - Hard No
22%
Bulgaria (BG) - Hard Yes
22%
Bulgaria (BG) - Hard No
22%
Bulgaria (BG) - Hard No
22%
Switzerland (CH) - Expert No
22%
Switzerland (CH) - Expert No
22%
Switzerland (CH) - Expert No
22%
Vietnam (VN) - Medium Yes
11%
Vietnam (VN) - Medium Yes
11%
Vietnam (VN) - Medium Yes
11%
Vietnam (VN) - Medium No
11%
Bulgaria (BG) - Hard No
11%
Bulgaria (BG) - Hard No
11%
Bulgaria (BG) - Hard No
11%
Bulgaria (BG) - Hard Yes
11%
Bulgaria (BG) - Hard Yes
11%
Bulgaria (BG) - Hard No
11%
Switzerland (CH) - Expert Yes
11%
Bulgaria (BG) - Hard Yes
0%
No matching quizzes found
Score Distribution
Percent of People with Each Score
Percentile by Number Answered
Your Score History
You have not taken this quiz